[Event "Mataro op 10th"]
[Site "Mataro"]
[Date "2013.11.16"]
[Round "7"]
[White "Caro Martinez, Ramon"]
[Black "Pacheco Jimenez, Jose Ramon"]
[Result "0-1"]
[WhiteElo "1961"]
[BlackElo "1885"]
[PlyCount "150"]
[EventDate "2013.09.28"]
[EventType "swiss"]
[EventRounds "9"]
[EventCountry "ESP"]
[SourceTitle "EXT 2016"]
[Source "ChessBase"]
[SourceDate "2015.10.08"]
[SourceVersion "1"]
[SourceVersionDate "2015.10.08"]
[SourceQuality "1"]

1. d4 d5 2. e3 Nf6 3. c4 c6 4. Nf3 h6 5. Nbd2 Bf5 6. b3 e6 7. Be2 Bb4 8. 0-0 0-0 9. Bb2 Bxd2 10. Qxd2 Nbd7 11. Rac1 a6 12. Ne5 Nxe5 13. dxe5 Nh7 14. Ba3 Re8 15. Bd6 Rc8 16. c5 b5 17. cxb6 Qxb6 18. Bc5 Qb7 19. Qa5 Ra8 20. Rc3 Nf8 21. Rfc1 Nd7 22. Bd6 Rec8 23. Qa4 c5 24. f4 Qa7 25. Qa3 c4 26. bxc4 d4 27. Rb3 d3 28. Rxd3 Bxd3 29. Qxd3 Qb6 30. Bf3 Ra7 31. Qd4 Nc5 32. g4 Qa5 33. f5 Rd7 34. Qc3 Qxa2 35. fxe6 fxe6 36. Ra1 Qb3 37. Qxb3 Nxb3 38. Ra4 Nd2 39. Be2 Rc6 40. c5 Rb7 41. Ra2 Rb1+ 42. Kg2 Ne4 43. Bxa6 Nxc5 44. Bc4 Rc1 45. Be2 Ne4 46. Ra8+ Rc8 47. Ra7 Nxd6 48. exd6 R1c6 49. d7 Rd8 50. Bb5 Rc5 51. Rb7 Kf8 52. Kf3 Ke7 53. Ba4 Ra8 54. Rb4 g5 55. Rd4 Rf8+ 56. Kg2 Rb8 57. Kf3 e5 58. Rd2 Kd8 59. Rd6 Rb4 60. Bd1 e4+ 61. Kg3 Rc3 62. Rxh6 Rb2 63. Rh8+ Kxd7 64. Ba4+ Kd6 65. Rd8+ Kc5 66. Rc8+ Kb4 67. Rxc3 Kxc3 68. Bc6 Kd3 69. h4 gxh4+ 70. Kxh4 Kxe3 71. g5 Kf4 72. Kh3 Rb3+ 73. Kh4 Rg3 74. Bxe4 Rxg5 75. Bb7 Rg7 0-1

[Event "Mataro op 10th"]
[Site "Mataro"]
[Date "2013.11.09"]
[Round "6"]
[White "Minguell Soler, Joan"]
[Black "Caro Martinez, Ramon"]
[Result "1-0"]
[WhiteElo "1949"]
[BlackElo "1961"]
[PlyCount "159"]
[EventDate "2013.09.28"]
[EventType "swiss"]
[EventRounds "9"]
[EventCountry "ESP"]
[SourceTitle "EXT 2016"]
[Source "ChessBase"]
[SourceDate "2015.10.08"]
[SourceVersion "1"]
[SourceVersionDate "2015.10.08"]
[SourceQuality "1"]

1. d4 g6 2. c4 Nf6 3. Nc3 Bg7 4. e4 d6 5. Nf3 0-0 6. Be2 Nbd7 7. 0-0 e5 8. d5 Nc5 9. Qc2 a5 10. Ne1 Ne8 11. Be3 Nd7 12. f3 f5 13. Nd3 f4 14. Bf2 g5 15. a3 Ndf6 16. b4 Nh5 17. c5 Nef6 18. cxd6 cxd6 19. Nb5 axb4 20. axb4 Rxa1 21. Rxa1 Qe7 22. Nb2 g4 23. fxg4 Bxg4 24. Bxg4 Nxg4 25. Rc1 Ne3 26. Bxe3 fxe3 27. g3 Rf2 28. Qc8+ Bf8 29. Qg4+ Qg7 30. Qxg7+ Kxg7 31. Nc4 Re2 32. Ncxd6 Rb2 33. Nf5+ Kf6 34. Nc3 Bxb4 35. Kf1 Rxh2 36. Kg1 Rd2 37. Nxe3 Rd3 38. Ncd1 Bd2 39. Ng4+ Kg5 40. Rc2 Rxg3+ 41. Kf2 Bf4 42. Nge3 Nf6 43. Rc4 h5 44. Ke2 h4 45. Nf5 Rg2+ 46. Kf3 h3 47. Nf2 Rh2 48. d6 Rxf2+ 49. Kxf2 h2 50. Kg2 Kg6 51. Nh4+ Kf7 52. Nf3 Ke6 53. Nxh2 Kxd6 54. Rb4 Kc6 55. Nf1 b5 56. Kf3 Kc5 57. Rb2 Kd4 58. Rxb5 Kc4 59. Rb6 Nd7 60. Rd6 Nb8 61. Ne3+ Kc5 62. Rd5+ Kb4 63. Ng2 Bh2 64. Rd1 Nc6 65. Rh1 Nd4+ 66. Kg4 Bf4 67. Nxf4 exf4 68. Kxf4 Ne2+ 69. Ke5 Kc4 70. Rd1 Ng3 71. Kf4 Nh5+ 72. Kg5 Ng3 73. e5 Ne4+ 74. Kg6 Nc5 75. Kf7 Ne4 76. e6 Ng5+ 77. Ke7 Kc5 78. Kd7 Ne4 79. e7 Nf6+ 80. Kd8 1-0